000 00684nam a2200253Ia 4500
003 OSt
005 20221006153631.0
006 a|||||r|||| 00| 0
007 ta
008 221006b |||||||| |||| 00| 0 jpn d
020 _c¥1200
024 _a32,908
037 _bGift, Japan Foundation
_cTextual
040 _aEASL
_cEASL
_bjpn
041 _2jpn
_ajpn
082 _aO42,1N62,1, P0
100 _aTawara Machi
_9664748
245 0 _aKaze no kumi kyoku
260 _aTokyo
_bKawadeshobo Shinsha
_c2000
300 _a192p.
_ccm.
650 _aJL
942 _hO42,1N62,1, P0
_cTEXL
_2CC
999 _c1100994
_d1100994